000 00450nam a2200145 i 4500
001 41440
003 ES-MaACL
007 t|
008 030310s1928 sp ||||1| spa d
100 1 _aCasal Martínez, Federico.
_936056
245 1 0 _aCartagena
_b: sus procesiones y sus cofradías /
_cFederico Casal Martínez.
260 _aCartagena :
_b[s.n.],
_c1928 (
_fLevantina de Artes Gráficas)
300 _a24 p. ;
_c23 cm.
852 _aES-MaACL
_jG-13851
999 _c41440
_d41440